Mil años del tejido en Chiapas (Record no. 10268)

MARC details
000 -CABECERA
campo de control de longitud fija 01311nam a2200301 a 4500
001 - NÚMERO DE CONTROL
campo de control BRL_1458
005 - FECHA Y HORA DE LA ÚLTIMA TRANSACCIÓN
campo de control 20190320211222.0
008 - DATOS DE LONGITUD FIJA--INFORMACIÓN GENERAL
campo de control de longitud fija 160114s1984----mx-ao#####---#000-0#spa-#
041 ## - CÓDIGO DE LENGUA
Código de lengua del texto/banda sonora o título independiente spa
044 ## - CÓDIGO DEL PAÍS DE LA ENTIDAD EDITORA/PRODUCTORA
Código MARC del país mx
050 #4 - SIGNATURA TOPOGRÁFICA DE LA BIBLIOTECA DEL CONGRESO
Número de clasificación TT898
Número de documento/Ítem .M67 1984
100 1# - ENTRADA PRINCIPAL--NOMBRE DE PERSONA
Nombre de persona Morris, Walter F.
9 (RLIN) 26981
245 10 - MENCIÓN DE TÍTULO
Título Mil años del tejido en Chiapas
Mención de responsabilidad, etc. Walter F. Morris ; textos Walter F. Morris y Francisco Álvarez ; fotografía en color Jeffrey Jay Foxx ; fotografía en blanco y negro Micaela Guirk.
260 ## - PUBLICACIÓN, DISTRIBUCIÓN, ETC.
Lugar de publicación, distribución, etc. México
Nombre del editor, distribuidor, etc. Instituo de la Artesanía Chiapneca
Fecha de publicación, distribución, etc. 1984
300 ## - DESCRIPCIÓN FÍSICA
Extensión 56 p.
Otras características físicas il., fotografías, mapas
Dimensiones 23 cm.
500 ## - NOTA GENERAL
Nota general ej.1 Au1604, ej.2 Au1603
500 ## - NOTA GENERAL
Nota general El ej.2 incluye dedicatoria a Ruth Lechuga
500 ## - NOTA GENERAL
Nota general La biblioteca cuenta con 2 ejemplares
500 ## - NOTA GENERAL
Nota general En la portada: ´Un documento sobre la primera exposición de la Colección Pellizzi en el Centro Cultural Maya Ex-Convento de Santo Domingo San Cristobal de las Casas, Chiapas´.
600 14 - PUNTO DE ACCESO ADICIONAL DE MATERIA--NOMBRE DE PERSONA
Nombre de persona Pellizzi, Francesco
Fechas asociadas al nombre 1940-
Subdivisión de forma Colección de arte
9 (RLIN) 26982
650 14 - PUNTO DE ACCESO ADICIONAL DE MATERIA--TÉRMINO DE MATERIA
Término de materia o nombre geográfico como elemento de entrada Tejeduría
Subdivisión geográfica Chiapas (México)
9 (RLIN) 26983
650 14 - PUNTO DE ACCESO ADICIONAL DE MATERIA--TÉRMINO DE MATERIA
Término de materia o nombre geográfico como elemento de entrada Industria textil indígena
Subdivisión geográfica Chiapas (México)
9 (RLIN) 26984
700 1# - PUNTO DE ACCESO ADICIONAL--NOMBRE DE PERSONA
Nombre de persona Álvarez, Francisco
9 (RLIN) 26985
700 1# - PUNTO DE ACCESO ADICIONAL--NOMBRE DE PERSONA
Nombre de persona Jay Foxx, Jeffrey
Término indicativo de función/relación il.
9 (RLIN) 26986
700 1# - PUNTO DE ACCESO ADICIONAL--NOMBRE DE PERSONA
Nombre de persona Guirk, Micaela
Término indicativo de función/relación il.
9 (RLIN) 26987
902 ## - CATALOGADOR
Iniciales GRL
942 ## - ELEMENTOS DE PUNTO DE ACCESO ADICIONAL (KOHA)
Fuente del sistema de clasificación o colocación Library of Congress Classification
Tipo de ítem Koha Libros
Holdings
Estado de retiro Estado de pérdida Estado dañado No para préstamo Localización permanente Ubicación/localización actual Fecha de adquisición Total de préstamos Signatura topográfica completa Código de barras Fecha visto por última vez Precio válido a partir de Tipo de ítem Koha
El ejemplar forma parte de la colección y puede ser consultado según las políticas vigentes.       Biblioteca Centro de Estudios Ruth D. Lechuga Biblioteca Centro de Estudios Ruth D. Lechuga 16/01/2014   TT898 .M67 1984 GRL01618 22/03/2019 22/03/2019 Libros
El ejemplar forma parte de la colección y puede ser consultado según las políticas vigentes.       Biblioteca Centro de Estudios Ruth D. Lechuga Biblioteca Centro de Estudios Ruth D. Lechuga 10/12/2015   TT898 .M67 1984 GRL01619 22/03/2019 22/03/2019 Libros